Ofdm For Wireless Communictions System (Record no. 318606)

MARC details
000 -LEADER
fixed length control field 00414nam a2200157Ia 4500
008 - FIXED-LENGTH DATA ELEMENTS--GENERAL INFORMATION
fixed length control field 230718s9999 xx 000 0 und d
041 ## - LANGUAGE CODE
Language code of text/sound track or separate title eng
082 ## - DEWEY DECIMAL CLASSIFICATION NUMBER
Classification number 621.384
Item number PRA
100 ## - MAIN ENTRY--PERSONAL NAME
Personal name Prasad R.
9 (RLIN) 118505
245 ## - TITLE STATEMENT
Title Ofdm For Wireless Communictions System
260 ## - PUBLICATION, DISTRIBUTION, ETC. (IMPRINT)
Name of publisher, distributor, etc. Artech
300 ## - PHYSICAL DESCRIPTION
Accompanying material [OBSOLETE, CAN/MARC] Ref 1054 E ME (29813)
365 ## - TRADE PRICE
Currency code Rs.
Price amount 6608.00
700 ## - ADDED ENTRY--PERSONAL NAME
Personal name Prasad R.
9 (RLIN) 118505
906 ## - LOCAL DATA ELEMENT F, LDF (RLIN)
d B:142025-Mar-2008
c ME ETC
Holdings
Withdrawn status Lost status Source of classification or shelving scheme Reference No Damaged status Not for loan Home library Current library Date acquired Vendor Budget Code Cost, normal purchase price Bill number Full call number Barcode Date last seen Cost, replacement price Bill Date Koha item type Original Barcode
    Dewey Decimal Classification Ref 1054 E M. Tech. (29813)   Reference Cummins College of Engineering for Women Pune Cummins College of Engineering for Women Pune 07/04/2008 Goels Computer Hut ME ETC 6608.00 1420 621.384 CCEP-BK-29813 18/07/2023 6608.00 25/03/2008 Books 029813